Inspection Industrial Of Plant (Record no. 303022)

MARC details
000 -LEADER
fixed length control field 00440nam a2200169Ia 4500
008 - FIXED-LENGTH DATA ELEMENTS--GENERAL INFORMATION
fixed length control field 230718s9999 xx 000 0 und d
041 ## - LANGUAGE CODE
Language code of text/sound track or separate title eng
082 ## - DEWEY DECIMAL CLASSIFICATION NUMBER
Classification number 363.1640941
Item number PIL
100 ## - MAIN ENTRY--PERSONAL NAME
Personal name Pilborough L.
9 (RLIN) 147323
245 ## - TITLE STATEMENT
Title Inspection Industrial Of Plant
260 ## - PUBLICATION, DISTRIBUTION, ETC. (IMPRINT)
Name of publisher, distributor, etc. Giwer
300 ## - PHYSICAL DESCRIPTION
Accompanying material [OBSOLETE, CAN/MARC] Ref 121 G (14229)
365 ## - TRADE PRICE
Currency code Rs.
Price amount 2044.00
500 ## - GENERAL NOTE
Keywords 121 GEN
700 ## - ADDED ENTRY--PERSONAL NAME
Personal name Pilborough L.
9 (RLIN) 147323
906 ## - LOCAL DATA ELEMENT F, LDF (RLIN)
d B:29905-Feb-2002
c OTH
b 306.6
Holdings
Withdrawn status Lost status Source of classification or shelving scheme Reference No Damaged status Not for loan Home library Current library Date acquired Vendor Budget Code Cost, normal purchase price Bill number Full call number Barcode Date last seen Discount Cost, replacement price Bill Date Koha item type Original Barcode
    Dewey Decimal Classification Ref 121 G (14229)   Reference Cummins College of Engineering for Women Pune Cummins College of Engineering for Women Pune 26/02/2002 SNJA OTH 1737.40 299 363.1640941 CCEP-BK-14229 18/07/2023 306.6 2044.00 05/02/2002 Books 014229